000 00695nam a2200217Ii 4500
003 JO-AjNU
008 230605s9999||||xx |||||||||||||| ||und||
040 _aJO-AjNU
_bara
_erda
_cJO-AjNU
041 _aara
050 1 4 _aBP75.2.1999
100 3 _aالعلواني،نشوة,
_eauthor
_915439
245 0 0 _aالبنات في بيت النبوة: زينب - رقية - أم كلثوم -فاطمة
250 _aط1
264 3 1 _aدمشق:مكتبة الفارابي ،1999
300 _a160ص
336 _atext
_btxt
_2rdacontent
337 _aunmediated
_bn
_2rdamedia
338 _avolume
_bnc
_2rdacarrier
490 0 _aسلسلة آل البيت1
650 4 _aسيرة نبوية
_915440
999 _aA4361
_c7929
_d7929